Microcontroller and Embedded Systems/ (Record no. 208634)

MARC details
000 -LEADER
fixed length control field 00587nam a22001817a 4500
005 - DATE AND TIME OF LATEST TRANSACTION
control field 20250121114034.0
010 ## - LCCN (DPL NO)
LC control number ENG-143476
020 ## - INTERNATIONAL STANDARD BOOK NUMBER
Terms of availability 200.00
International Standard Book Number 9789389658248
035 ## - SYSTEM CONTROL NUMBER
System control number EN-127008
037 ## - SOURCE OF ACQUISITION
Source of stock number/acquisition DBAD
082 ## - DEWEY DECIMAL CLASSIFICATION NUMBER
Classification number 004.165
100 ## - MAIN ENTRY--PERSONAL NAME
Personal name Revathi, P.
245 ## - TITLE STATEMENT
Title Microcontroller and Embedded Systems/
Statement of responsibility, etc by P. Revathi [and] C.D. Premkumar
260 ## - PUBLICATION, DISTRIBUTION, ETC. (IMPRINT)
Place of publication, distribution, etc Madurai
Name of publisher, distributor, etc Shanlax Publications
Date of publication, distribution, etc 2019
270 ## - ADDRESS
Address 61, T.P.K., Main Road, Vasantha Nagar
City Madurai
Postal code 625003
Electronic mail address shanlax_1990@yahoo.com
300 ## - PHYSICAL DESCRIPTION
Extent 131p.
Dimensions 24cm(pb)
942 ## - ADDED ENTRY ELEMENTS (KOHA)
Source of classification or shelving scheme Dewey Decimal Classification
Item type English Books
Classification part 004.165
Call number suffix REV
Holdings
Withdrawn status Lost status Not for loan Collection code Home library Current library Date acquired Source of acquisition Cost, normal purchase price Full call number Barcode Copy number Cost, replacement price Koha item type
      Non-fiction Ashok Vihar Ashok Vihar 21/01/2025 Delivery of Books Act Division 200.00 004.165 REV EN-127008 1 200.00 English Books

© Delhi Public Library
Hit Counter
free hit counter